Detalles MARC
| 000 -CABECERA |
| campo de control de longitud fija |
01056cam a2200253 a 4500 |
| 001 - NÚMERO DE CONTROL |
| campo de control |
000014138 |
| 005 - FECHA Y HORA DE LA ÚLTIMA TRANSACCIÓN |
| campo de control |
20200929163505.0 |
| 008 - DATOS DE LONGITUD FIJA--INFORMACIÓN GENERAL |
| campo de control de longitud fija |
050314s2004 pn ab b 000 0dspa |
| 020 ## - NÚMERO INTERNACIONAL ESTÁNDAR DEL LIBRO |
| Número Internacional Estándar del Libro |
996202580X (obra completa) |
| 020 ## - NÚMERO INTERNACIONAL ESTÁNDAR DEL LIBRO |
| Número Internacional Estándar del Libro |
9962025818 (v. 1, t. 1) |
| 020 ## - NÚMERO INTERNACIONAL ESTÁNDAR DEL LIBRO |
| Número Internacional Estándar del Libro |
9962025826 (v. 1, t. 2) |
| 020 ## - NÚMERO INTERNACIONAL ESTÁNDAR DEL LIBRO |
| Número Internacional Estándar del Libro |
9962025842 (v. 3, t. 1) |
| 020 ## - NÚMERO INTERNACIONAL ESTÁNDAR DEL LIBRO |
| Número Internacional Estándar del Libro |
9962025850 (v. 3, t. 2) |
| 040 ## - FUENTE DE LA CATALOGACIÓN |
| Centro catalogador/agencia de origen |
DO-SdBNP |
| Lengua de catalogación |
spa |
| Centro/agencia transcriptor |
BNPHU |
| 082 ## - NÚMERO DE LA CLASIFICACIÓN DECIMAL DEWEY |
| Número de clasificación |
xxxx |
| Número de documento/Ítem |
xxxx |
| 245 00 - MENCIÓN DE TÍTULO |
| Título |
Historia general de Panamá / |
| Mención de responsabilidad, etc. |
director ; Alfredo Castillero Calvo. |
| 260 ## - PUBLICACIÓN, DISTRIBUCIÓN, ETC. |
| Lugar de publicación, distribución, etc. |
Panama : |
| Nombre del editor, distribuidor, etc. |
Comite Nacional del Centenario de la Republica, |
| Fecha de publicación, distribución, etc. |
2004. |
| 300 ## - DESCRIPCIÓN FÍSICA |
| Extensión |
3 v. : |
| Otras características físicas |
il., mapas ; |
| Dimensiones |
24 cm. |
| 500 ## - NOTA GENERAL |
| Nota general |
La biblioteca posee los v. 1, t. 1, V. 3. t. 1 y V. 3. t. 2 |
| 504 ## - NOTA DE BIBLIOGRAFÍA, ETC. |
| Nota de bibliografía, etc. |
Incluye referencias bibliográficas y notas al pie de las páginas |
| 505 0# - NOTA DE CONTENIDO CON FORMATO |
| Información miscelánea |
v. 1, t. 1. |
| Título |
Las sociedades originarias. El orden colonial -- |
| Información miscelánea |
V. 3. t. 1: |
| Título |
El siglo xx. Capítulos 1-17 |
| Información miscelánea |
V. 3. t. 2: |
| Título |
El siglo xx. Capitulos 18-32 |
| 651 #0 - PUNTO DE ACCESO ADICIONAL DE MATERIA--NOMBRE GEOGRÁFICO |
| Nombre geográfico |
Panama |
| Subdivisión general |
History. |
| 9 (RLIN) |
31974 |
| 700 1# - PUNTO DE ACCESO ADICIONAL--NOMBRE DE PERSONA |
| Nombre de persona |
Castillero Calvo, Alfredo, |
| Fechas asociadas al nombre |
1937- |
| 9 (RLIN) |
31975 |